000 00895nam a2200241 a 4500
001 84026
003 BD-RjUL
005 20240923173806.0
008 240923s2008 bg a|||| m||| 00| 0 eng d
035 _a(BD-RjUL)84026
040 _aBD-RjUL
_beng
_cBD-RjUL
_dBD-RjUL
041 _aeng
082 _223
_a660.28304
_bASE 2008
100 _aAsaduzzaman, Md.
245 1 0 _aEffect of Chloride Ion on the Pitting Corrosion of Stainless Steel /
_cBy Md. Asaduzzaman ;
_6Supervisor : C.M. Mustafa
260 _aRajshahi :
_bDepartment of Applied Chemistry, University of Rajshahi,
_c2008
300 _a[35], v, 205 Leaves :
_bill, ;
_c29 cm.
502 _aThesis (Ph. D.) -- Department of Applied Chemistry, University of Rajshahi, 2008
504 _aReferences : Leaves [175]-190
650 _aChloride
_vPitting Corrosion
_913577
700 _aMustafa, C.M., Supervisor
_913576
942 _2ddc
_cTHE
999 _c84026
_d84026